Trouve le (ou les mots) manquant(s) - Lilicub Voyage en Italie - Statistiques

Statistiques générales
  • Ce quiz a été pris 29 fois
  • Le résultat moyen est 25 sur 31
Statistiques - réponses
Hint Réponse % Correct
Et du Soleil
95%
Dans ton Automobile
90%
Et aller prendre un Bain
90%
Envoyer des Baisers
90%
Tous les deux on sera Bien
90%
Danser le Calypso
90%
Au milieu de la nuit en Catimini
90%
Tous les deux sur les Chemins
90%
Il y aura des Etoiles
85%
De L'italie
85%
Boire un dernier Martini
85%
Toute la Nuit
85%
Voir sur ta Peau
85%
Sur une Plage
85%
Faire une Virée
85%
Quand on mettra les Voiles
85%
A Capri
80%
A Deux
80%
Tout jouer sur un Pari
80%
En Bleu
75%
On s'en ira toute la vie danser le calypso en Italie, et boire allegretto ma non troppo du Campari
75%
Dans un Dancing
75%
E va la nave va la Douce vie
75%
Avec vue sur L'Arno
75%
A la Madone
75%
Le Soleil se lever
75%
Et dans le Ciel
70%
S'en aller au Matin
70%
Quand Paris est à l'eau
70%
S'en aller tous les deux, dans le Sud
70%
Et voir la Vie
70%
Aucun quiz correspondant
Distribution des résultats
% des personnes avec chaque résultat
Percentile par nombre de réponses
Votre historique - résultats
Vous n’avez pas pris ce quiz